India's national security : (Record no. 14496)

000 -LEADER
fixed length control field 01352nam a2200265 a 4500
001 - CONTROL NUMBER
control field ASIN0415571413
005 - DATE AND TIME OF LATEST TRANSACTION
control field 20170105102856.0
008 - FIXED-LENGTH DATA ELEMENTS--GENERAL INFORMATION
fixed length control field 130905s2010 xxu eng d
020 ## - INTERNATIONAL STANDARD BOOK NUMBER
International Standard Book Number 0415571413 (hardcover)
Terms of availability $120.00
020 ## - INTERNATIONAL STANDARD BOOK NUMBER
International Standard Book Number 9780415571418 (hardcover)
040 ## - CATALOGING SOURCE
Original cataloging agency 0
082 04 - DEWEY DECIMAL CLASSIFICATION NUMBER
Classification number 355.033054
245 10 - TITLE STATEMENT
Title India's national security :
Remainder of title annual review 2009 /
Statement of responsibility, etc. editor-in- chief Satish Kumar.
250 ## - EDITION STATEMENT
Edition statement 1st ed.
260 ## - PUBLICATION, DISTRIBUTION, ETC.
Place of publication, distribution, etc. [S.l.] :
Name of publisher, distributor, etc. Routledge India,
Date of publication, distribution, etc. 2010.
300 ## - PHYSICAL DESCRIPTION
Extent 490 p. ;
Dimensions 23 cm.
520 ## - SUMMARY, ETC.
Summary, etc. Each year, this annual gives readers an in-depth and up-to-date account of India’s external and internal threats in a deteriorating global security environment. It shows that while partnerships with some countries have strengthened, anxieties persist with others such as China and Pakistan. Similarly, India has not been able to cope with the challenges of internal security emerging from violence in Kashmir, insurgency in the northeast, to mention a few. A unique series with contributions from academics, political commentators and military personnel.
650 #0 - SUBJECT ADDED ENTRY--TOPICAL TERM
Topical term or geographic name entry element India
650 #0 - SUBJECT ADDED ENTRY--TOPICAL TERM
Topical term or geographic name entry element Internal security
650 #0 - SUBJECT ADDED ENTRY--TOPICAL TERM
Topical term or geographic name entry element International relations
650 #0 - SUBJECT ADDED ENTRY--TOPICAL TERM
Topical term or geographic name entry element National security
700 1# - ADDED ENTRY--PERSONAL NAME
Personal name Kumar, Satish.
856 40 - ELECTRONIC LOCATION AND ACCESS
Materials specified Amazon.com
Uniform Resource Identifier <a href="http://www.amazon.com/exec/obidos/ASIN/0415571413/chopaconline-20">http://www.amazon.com/exec/obidos/ASIN/0415571413/chopaconline-20</a>
942 ## - ADDED ENTRY ELEMENTS (KOHA)
Source of classification or shelving scheme
Koha item type Book
Holdings
Withdrawn status Lost status Damaged status Not for loan Collection code Permanent Location Current Location Shelving location Date acquired Total Checkouts Full call number Barcode Date last seen Price effective from Koha item type
          Centre for International Peace & Stability (CIPS) Centre for International Peace & Stability (CIPS) General Stacks 08/01/2013   355.033054 IND 2009 CIPS0000063 09/05/2013 09/05/2013 Book
© 2023 Central Library, National University of Sciences and Technology. All Rights Reserved.